| 000 | 01289cam a2200325 a 4500 | ||
|---|---|---|---|
| 001 | 14824933 | ||
| 005 | 20080325081928.0 | ||
| 008 | 070427s2007 enka b 001 0 eng | ||
| 010 | _a 2007927814 | ||
| 020 | _a0750669276 | ||
| 020 | _a9780750669276 | ||
| 040 |
_aDLC _cDLC _dDLC |
||
| 050 | 0 | 0 |
_aTL570 _b.C617 2007 |
| 082 |
_222 _a629.1323 _bCOO |
||
| 100 | 1 |
_aCook, M. V. _927364 |
|
| 245 | 1 | 0 |
_aFlight Dynamics Principles / _cM.V. Cook. |
| 250 | _a2nd ed. | ||
| 260 |
_aOxford [UK] ; _aBurlington, MA : _bButterworth-Heinemann/Elsevier, 2007 _c2007. |
||
| 300 |
_axxi, 468 p. : _bill. ; _c26 cm. |
||
| 490 | 0 |
_aElsevier aerospace engineering series _927365 |
|
| 500 | _aA linear systems approach to aircraft stability and control. | ||
| 504 | _aIncludes bibliographical references and index | ||
| 650 | 0 |
_aAerodynamics. _927366 |
|
| 653 |
_bGen _cSeptember2011 |
||
| 856 | 4 | 1 |
_3Table of contents _uhttp://www.loc.gov/catdir/toc/fy0803/2007927814.html |
| 942 |
_2ddc _cBB |
||
| 999 |
_c16087 _d16087 |
||